Silica filled rubbers-epoxidised natural rubber as a reinforcement modifier in comparison with a silane (Record no. 68697)

MARC details
000 -LEADER
fixed length control field 00594nam a2200169Ia 4500
100 ## - MAIN ENTRY--AUTHOR NAME
Personal name Varkey J K
245 #0 - TITLE STATEMENT
Title Silica filled rubbers-epoxidised natural rubber as a reinforcement modifier in comparison with a silane
260 ## - PUBLICATION, DISTRIBUTION, ETC. (IMPRINT)
Name of publisher International Conference and Exhibition on Rubber and Allied Materials Asia Rub Tech Expo 2002. 28-30 November 2002, New Delhi. pp.189-196.
650 ## - SUBJECT ADDED ENTRY--TOPICAL TERM
Topical Term Silane
650 ## - SUBJECT ADDED ENTRY--TOPICAL TERM
Topical Term Silica filled rubber
700 ## - ADDED ENTRY--PERSONAL NAME
Personal name George M
700 ## - ADDED ENTRY--PERSONAL NAME
Personal name Joseph S
700 ## - ADDED ENTRY--PERSONAL NAME
Personal name Mathew N M
700 ## - ADDED ENTRY--PERSONAL NAME
Personal name Thomas K T
942 ## - ADDED ENTRY ELEMENTS (KOHA)
Koha item type Journals
Holdings
Withdrawn status Lost status Damaged status Not for loan Home library Current library Shelving location Date acquired Koha item type
      Journals RRII Library RRII Library Rubber chemistry 17/12/2021 Journals